000 00980nam a2200241 a 4500
003 BD-DhJNU
005 20260504085339.0
008 260508s2020 bg |||g |||| 000 1|ben|d
020 _a9789848815311
040 _aBD-DhJNU
_bben
_cBD-DhJNU
_dBD-DhJNU
041 _aben
082 _a330 KHP
_223
100 _aখান, আকবর আলি
245 1 0 _aপরার্থপরতার অর্থনীতি /
_cআকবর আলি খান
246 _aPararthoparatar arthaniti
250 _a1st ed.
260 _aঢাকা :
_bদি ইউনিভার্সিটি প্রেস লিমিটেড,
_c2020.
300 _a২০৮ পৃ. :
_bচিত্র ;
_c২২ সেমি.।
504 _aগ্রন্থপঞ্জিগত নির্দেশিকা ও নিঘন্ট অন্তভূক্ত
650 _aঅর্থনীতি -- দর্শন
650 _aEconomics -- Philosophy
942 _cBK
999 _c2765
_d2765